<?xml version="1.0" encoding="UTF-8"?>
<record
    xmlns:xsi="http://www.w3.org/2001/XMLSchema-instance"
    xsi:schemaLocation="http://www.loc.gov/MARC21/slim http://www.loc.gov/standards/marcxml/schema/MARC21slim.xsd"
    xmlns="http://www.loc.gov/MARC21/slim">

  <leader>01498nam a22003017a 4500</leader>
  <controlfield tag="005">20221008092941.0</controlfield>
  <controlfield tag="008">221008b           ||||| |||| 00| 0 eng d</controlfield>
  <datafield tag="020" ind1=" " ind2=" ">
    <subfield code="a">9788120416451</subfield>
  </datafield>
  <datafield tag="040" ind1=" " ind2=" ">
    <subfield code="c">AL</subfield>
  </datafield>
  <datafield tag="041" ind1=" " ind2=" ">
    <subfield code="a">eng</subfield>
  </datafield>
  <datafield tag="082" ind1=" " ind2=" ">
    <subfield code="2">23</subfield>
    <subfield code="a">576</subfield>
    <subfield code="b">SULG</subfield>
  </datafield>
  <datafield tag="100" ind1=" " ind2=" ">
    <subfield code="a">S B Sullia</subfield>
    <subfield code="9">59142</subfield>
  </datafield>
  <datafield tag="100" ind1=" " ind2=" ">
    <subfield code="d">S Shantharam</subfield>
    <subfield code="9">59131</subfield>
  </datafield>
  <datafield tag="245" ind1=" " ind2=" ">
    <subfield code="a">General microbiology </subfield>
  </datafield>
  <datafield tag="250" ind1=" " ind2=" ">
    <subfield code="a">2</subfield>
  </datafield>
  <datafield tag="260" ind1=" " ind2=" ">
    <subfield code="a">New Delhi</subfield>
    <subfield code="b">CBS Publishers and Distributors Pvt Ltd</subfield>
    <subfield code="c">2019</subfield>
  </datafield>
  <datafield tag="300" ind1=" " ind2=" ">
    <subfield code="a">x,522p.</subfield>
    <subfield code="b">PB</subfield>
    <subfield code="c">24x18cm.</subfield>
  </datafield>
  <datafield tag="365" ind1=" " ind2=" ">
    <subfield code="2">Botany</subfield>
    <subfield code="a">4625</subfield>
    <subfield code="b">599.00</subfield>
    <subfield code="c">&#x20B9;</subfield>
    <subfield code="d">749.00</subfield>
    <subfield code="e">20%</subfield>
    <subfield code="f">04-10-2022</subfield>
  </datafield>
  <datafield tag="520" ind1=" " ind2=" ">
    <subfield code="a">This is a thoroughly revised edition of the very popular book.Contents: Introduction to Microbiology / Microbial Diversity and Taxonomy / Methods in Microbiology / The Eukaryotic Microorganisms / The Structure and Organization of Bacteria / The Domain Archaea / Viruses, Viroids and Prions / Basic Concepts in Biochemistry / Microbial Growth and Metabolism / Microbial Genetics / Genetic Engineering and Biotechnology / Soil Microbiology / Atmospheric and Aquatic Microbiology / Agricultural Microbiology / Dairy and Food Microbiology / Food Microbiology / Industrial Microbiology / Immunology / Microbial Diseases of Man and Chemotherapy / Review Questions
READ MORE</subfield>
  </datafield>
  <datafield tag="650" ind1=" " ind2=" ">
    <subfield code="a">Microbial Diversity</subfield>
    <subfield code="9">59132</subfield>
  </datafield>
  <datafield tag="650" ind1=" " ind2=" ">
    <subfield code="a">Nucleic Acids</subfield>
    <subfield code="9">59133</subfield>
  </datafield>
  <datafield tag="650" ind1=" " ind2=" ">
    <subfield code="a">Lipids</subfield>
    <subfield code="9">59134</subfield>
  </datafield>
  <datafield tag="650" ind1=" " ind2=" ">
    <subfield code="a">Viruses</subfield>
    <subfield code="9">59135</subfield>
  </datafield>
  <datafield tag="650" ind1=" " ind2=" ">
    <subfield code="a">Protozoa</subfield>
    <subfield code="9">59136</subfield>
  </datafield>
  <datafield tag="700" ind1=" " ind2=" ">
    <subfield code="a">SULLIA (S B)</subfield>
    <subfield code="9">59137</subfield>
  </datafield>
  <datafield tag="700" ind1=" " ind2=" ">
    <subfield code="a">SHANTHARAM (S)</subfield>
    <subfield code="9">59138</subfield>
  </datafield>
  <datafield tag="942" ind1=" " ind2=" ">
    <subfield code="2">ddc</subfield>
    <subfield code="c">BK</subfield>
  </datafield>
  <datafield tag="999" ind1=" " ind2=" ">
    <subfield code="c">224758</subfield>
    <subfield code="d">224758</subfield>
  </datafield>
  <datafield tag="952" ind1=" " ind2=" ">
    <subfield code="0">0</subfield>
    <subfield code="1">0</subfield>
    <subfield code="2">ddc</subfield>
    <subfield code="4">0</subfield>
    <subfield code="7">0</subfield>
    <subfield code="8">BOT</subfield>
    <subfield code="a">AL</subfield>
    <subfield code="b">AL</subfield>
    <subfield code="d">2022-10-07</subfield>
    <subfield code="e">Biblios Book Point, Surathkal, Mangalore-575014</subfield>
    <subfield code="g">599.00</subfield>
    <subfield code="l">2</subfield>
    <subfield code="o">576 SULG</subfield>
    <subfield code="p">076108</subfield>
    <subfield code="r">2025-01-15 00:00:00</subfield>
    <subfield code="s">2025-01-15</subfield>
    <subfield code="v">749.00</subfield>
    <subfield code="w">2022-10-08</subfield>
    <subfield code="y">BK</subfield>
  </datafield>
</record>
